Europa League Sieger seit 2000 - Sudden Death - Statistiken

Allgemein
  • Dieses Quiz wurde 1.065 mal gespielt
  • Das Durchschnittsergebnis liegt bei 5 aus 15
Answers on the Grid
Answers color-coded by a green-red scale on the quiz's grid according to % correct below.
Atalanta Bergamo
Eintracht Frankfurt
FC Sevilla
FC Villareal
FC Chelsea
Atletico Madrid
Manchester United
FC Porto
Schachtar Donezk
Zenit St. Petersburg
ZSKA Moskau
FC Valencia
Feyernoord Rotterdam
FC Liverpool
Galatasaray Istanbul
Bayer Leverkusen
Borussia Dortmund
AS Rom
Inter Mailand
FC Arsenal
Ajax Amsterdam
Olympique Marseille
Benfica Lissabon
FC Everton
Glasgow Rangers
Girondins Bordeaux
Juventus Turin
SSC Neapel
FC Kopenhagen
Dynamo Kiew
 
Antwortstatistiken
Antwort % Korrekt
Eintracht Frankfurt
65%
FC Sevilla
63%
FC Chelsea
55%
Manchester United
53%
Atletico Madrid
43%
Atalanta Bergamo
40%
FC Villareal
35%
Schachtar Donezk
28%
FC Liverpool
26%
FC Porto
25%
Zenit St. Petersburg
24%
Galatasaray Istanbul
23%
FC Valencia
21%
ZSKA Moskau
15%
Feyernoord Rotterdam
12%
Keine übereinstimmenden Quizze gefunden
Verteilung der Resultate
Anzahl Personen mit jedem Resultat
Perzentil nach korrekt beantworteten Fragen
Ihre Resultats-Entwicklung
Sie haben dieses Quiz noch nicht gespielt